| 000 | 01240nam a2200253Ia 4500 | ||
|---|---|---|---|
| 001 | 10511 | ||
| 003 | GE_BSU | ||
| 008 | 181216s||||||||xx |||||||||||||| ||und|| | ||
| 020 | _a9789941910739 | ||
| 040 | _cGE_BSU | ||
| 080 | _a69:658+693 | ||
| 100 | _aბიჭიაშვილი,ჯონი; სიჭინავა,გიორგი. | ||
| 245 | _aმშენებლობის ორგანიზაცია, მექანიზაცია, ავტომატიზაცია, დაგეგმვა და მენეჯმენტი. წ.3 | ||
| 245 | _bმშენებლობის ავტომატიზაცია | ||
| 245 | _cსაერთ.რედ: არჩილ ფრანგიშვილი, ჯონი ბიჭიაშვილი. | ||
| 260 | _aთბილისი | ||
| 260 | _bლეგა. | ||
| 260 | _c2009. | ||
| 300 | _a800გვ;20სმ. | ||
| 300 | _eბიბლიოგრ.:გვ.787-792 | ||
| 541 | _h38ლ. | ||
| 653 | _aმშენებლობის ორგანიზაცია,მექანიზაცია, ავტომატიზაცია, დაგეგმვა და მენეჯმენტი. | ||
| 942 | _cBK | ||
| 999 |
_c43766 _d43766 |
||